00407nam a2200145 a 450000100060000000300090000600800410001504000280005608200160008410000310010024500400013126000480017165000210021965000210024013219CO-ViMGA141112s2004 ck r 000 u spa d aCO-ViMGAbspacCO-ViMGA04a323.4 H375d1 aHernandez de Alba, Gonzalo10aDerechos del hombre y del ciudadano aBogotá : bInstituto Caro y Cuero, c199014aDERECHOS CIVILES14aDERECHOS HUMANOS